[Event "Reykjavik TR CC-C"]
[Site "Reykjavik"]
[Date "2018.09.12"]
[Round "2"]
[White "Gudmarsson, Olafur"]
[Black "Finnsson, Johann Arnar"]
[Result "1-0"]
[WhiteElo "1735"]
[BlackElo "1711"]
[PlyCount "41"]
[EventDate "2018.09.09"]
[EventType "tourn"]
[EventRounds "7"]
[EventCountry "ISL"]
[SourceTitle "CBM 187 Extra"]
[Source "ChessBase"]
[SourceDate "2018.11.04"]
[SourceVersion "1"]
[SourceVersionDate "2018.11.04"]
[SourceQuality "1"]

1. d4 d6 2. Bf4 g6 3. e3 Bg7 4. Be2 Nc6 5. Nc3 e5 6. dxe5 dxe5 7. Qxd8+ Nxd8 8. Bg3 Ne7 9. Nb5 Ne6 10. h4 Nf5 11. h5 Nxg3 12. fxg3 e4 13. 0-0-0 c6 14. Nd6+ Ke7 15. Nxe4 Be5 16. Nf3 Bc7 17. Bc4 f5 18. Neg5 Bd7 19. Nf7 Rhg8 20. hxg6 Rxg6 21. N3e5 1-0

[Event "ISL-chT2 1718"]
[Site "Reykjavik"]
[Date "2018.03.02"]
[Round "5.3"]
[White "Gudmarsson, Olafur"]
[Black "Grimsson, Grimur"]
[Result "1-0"]
[WhiteElo "1724"]
[BlackElo "1782"]
[PlyCount "75"]
[EventDate "2017.10.20"]
[EventType "team-tourn"]
[EventRounds "7"]
[EventCountry "ISL"]
[SourceTitle "EXT 2019"]
[Source "ChessBase"]
[SourceDate "2018.10.10"]
[SourceVersion "1"]
[SourceVersionDate "2018.10.10"]
[SourceQuality "1"]
[WhiteTeam "Selfoss"]
[BlackTeam "Vinaskakfelagid"]
[WhiteTeamCountry "ISL"]
[BlackTeamCountry "ISL"]

1. d4 d5 2. Bf4 c6 3. Nf3 Bg4 4. e3 e6 5. Be2 Bd6 6. Ne5 Bxe2 7. Qxe2 Nf6 8. Nd2 Qe7 9. Bg5 h6 10. Bh4 Qc7 11. f4 Nbd7 12. 0-0 Be7 13. c4 0-0 14. c5 Nxe5 15. fxe5 Nh7 16. Bg3 b6 17. b4 a5 18. a3 axb4 19. axb4 bxc5 20. bxc5 Rxa1 21. Rxa1 Rb8 22. Nf3 Ng5 23. Nxg5 Bxg5 24. e4 Qd7 25. Qf3 Rd8 26. h4 Be7 27. exd5 exd5 28. Rf1 Rf8 29. h5 Bg5 30. Bf4 Bxf4 31. Qxf4 Qe7 32. Qg4 Qg5 33. Qxg5 hxg5 34. Rb1 Re8 35. Rb7 Re6 36. Rb8+ Kh7 37. Rd8 Kh6 38. Rh8# 1-0

[Event "Reykjavik op"]
[Site "Reykjavik"]
[Date "2017.04.27"]
[Round "10"]
[White "Opasiak, Dustin Tennessee"]
[Black "Gudmarsson, Olafur"]
[Result "0-1"]
[WhiteElo "1885"]
[BlackElo "1721"]
[PlyCount "80"]
[EventDate "2017.04.19"]
[EventType "swiss"]
[EventRounds "10"]
[EventCountry "ISL"]
[SourceTitle "CBM 178 Extra"]
[Source "ChessBase"]
[SourceDate "2017.06.22"]
[SourceVersion "1"]
[SourceVersionDate "2017.06.22"]
[SourceQuality "1"]

1. e4 e6 2. d4 c5 3. d5 exd5 4. exd5 d6 5. Nc3 a6 6. a4 Be7 7. Nf3 Bg4 8. Be2 Bf6 9. 0-0 Ne7 10. Ne4 Ng6 11. h3 Bxf3 12. Bxf3 0-0 13. Re1 Be5 14. Bg5 f6 15. Be3 Nd7 16. Qd2 Nb6 17. Qd3 Bxb2 18. Rab1 Nxa4 19. Qb3 b5 20. Nxc5 Nxc5 21. Bxc5 Be5 22. Be3 Qc7 23. Qd3 Rfc8 24. Be4 Nf8 25. Bf5 Re8 26. Qe2 g6 27. Bd3 Bc3 28. Red1 f5 29. Qf3 Nd7 30. Qg3 Rf8 31. Bh6 Rf7 32. Bd2 Ne5 33. Bxc3 Qxc3 34. Rb3 Qc5 35. Rbb1 f4 36. Qg5 Nxd3 37. Rxd3 Qxc2 38. Rbd1 b4 39. h4 Re8 40. R3d2 Qc5 0-1